[Event "Jesenik Rapid op"]
[Site "Jesenik"]
[Date "2023.08.18"]
[Round "4"]
[White "Kopecky, Tomas"]
[Black "Dorazil, Tomas"]
[Result "1-0"]
[WhiteElo "1918"]
[BlackElo "1504"]
[PlyCount "60"]
[EventDate "2023.08.18"]
[EventType "swiss (rapid)"]
[EventRounds "9"]
[EventCountry "CZE"]
[SourceTitle "EXT 2024"]
[Source "ChessBase"]
[SourceDate "2023.10.10"]
[SourceVersion "1"]
[SourceVersionDate "2023.10.10"]
[SourceQuality "1"]

1. e4 d6 2. d4 Nf6 3. Nc3 Nbd7 4. Bc4 e5 5. Nf3 h6 6. 0-0 Be7 7. Re1 c6 8. dxe5 dxe5 9. Qe2 Qc7 10. h3 g5 11. Nh2 Nf8 12. Be3 Ng6 13. Rad1 Nf4 14. Qf1 Rg8 15. f3 N6h5 16. Ng4 Bxg4 17. fxg4 Nf6 18. a3 h5 19. Be2 hxg4 20. Bxg4 Nxg4 21. hxg4 Rh8 22. Qf3 Bd6 23. Ne2 Nxe2+ 24. Rxe2 Qe7 25. b4 f6 26. Red2 0-0-0 27. Bxa7 Kc7 28. Qf2 Rh4 29. Bb6+ Kc8 30. Bxd8 Rh7 1-0

[Event "Jesenik Rapid op"]
[Site "Jesenik"]
[Date "2023.08.18"]
[Round "8"]
[White "Kopecky, Tomas"]
[Black "Rehacek, Oldrich"]
[Result "1-0"]
[WhiteElo "1918"]
[BlackElo "1340"]
[PlyCount "71"]
[EventDate "2023.08.18"]
[EventType "swiss (rapid)"]
[EventRounds "9"]
[EventCountry "CZE"]
[SourceTitle "EXT 2024"]
[Source "ChessBase"]
[SourceDate "2023.10.10"]
[SourceVersion "1"]
[SourceVersionDate "2023.10.10"]
[SourceQuality "1"]

1. e4 e6 2. Nf3 b6 3. d4 Bb7 4. Bd3 Nf6 5. Bg5 Be7 6. Nbd2 0-0 7. Qe2 d6 8. h3 h6 9. Be3 c5 10. c3 Nc6 11. 0-0 cxd4 12. cxd4 Rc8 13. Rac1 Nb4 14. a3 Nxd3 15. Qxd3 Qd7 16. b4 Rxc1 17. Rxc1 Rc8 18. Rxc8+ Qxc8 19. e5 Nd5 20. Ne4 dxe5 21. dxe5 Nxe3 22. Qxe3 Bxe4 23. Qxe4 Qc1+ 24. Kh2 Qxa3 25. b5 Qc5 26. Qa8+ Kh7 27. Qxa7 Qxb5 28. Qxe7 Qd3 29. Qxf7 Qd5 30. Qf4 Kg8 31. h4 b5 32. h5 Qc5 33. Nh4 b4 34. Ng6 b3 35. Qf3 Kh7 36. Qa8 1-0

[Event "Jesenik Rapid op"]
[Site "Jesenik"]
[Date "2023.08.18"]
[Round "5"]
[White "Slovak, Kilian"]
[Black "Kopecky, Tomas"]
[Result "1-0"]
[WhiteElo "2176"]
[BlackElo "1918"]
[PlyCount "69"]
[EventDate "2023.08.18"]
[EventType "swiss (rapid)"]
[EventRounds "9"]
[EventCountry "CZE"]
[SourceTitle "EXT 2024"]
[Source "ChessBase"]
[SourceDate "2023.10.10"]
[SourceVersion "1"]
[SourceVersionDate "2023.10.10"]
[SourceQuality "1"]

1. e4 c5 2. Nf3 Nc6 3. d4 cxd4 4. Nxd4 e5 5. Nb5 a6 6. Nd6+ Bxd6 7. Qxd6 Qf6 8. Qxf6 Nxf6 9. Nc3 Nb4 10. Bd3 d5 11. exd5 Nxd3+ 12. cxd3 Bf5 13. Bg5 Bxd3 14. 0-0-0 Bf5 15. f4 Ng4 16. fxe5 Nxe5 17. Rhe1 f6 18. Bf4 0-0-0 19. Bxe5 fxe5 20. Rxe5 Bg6 21. Rf1 Rd6 22. Kd2 Rhd8 23. Ke3 b5 24. a3 Kc7 25. Kd4 Kb6 26. h4 Rc8 27. b3 Bc2 28. Re6 Rxe6 29. dxe6 Bxb3 30. Nd5+ Bxd5 31. Kxd5 Rc5+ 32. Kd6 Rc3 33. e7 Rd3+ 34. Ke6 Rxa3 35. Rf5 1-0

[Event "Jesenik Rapid op"]
[Site "Jesenik"]
[Date "2023.08.18"]
[Round "1"]
[White "Tschulikova, Sara"]
[Black "Kopecky, Tomas"]
[Result "0-1"]
[WhiteElo "1054"]
[BlackElo "1918"]
[PlyCount "64"]
[EventDate "2023.08.18"]
[EventType "swiss (rapid)"]
[EventRounds "9"]
[EventCountry "CZE"]
[SourceTitle "EXT 2024"]
[Source "ChessBase"]
[SourceDate "2023.10.10"]
[SourceVersion "1"]
[SourceVersionDate "2023.10.10"]
[SourceQuality "1"]

1. e4 c5 2. Nf3 Nc6 3. Nc3 g6 4. Bb5 Bg7 5. d3 d6 6. 0-0 Bd7 7. Re1 e5 8. Bc4 Nge7 9. Qe2 0-0 10. b3 a6 11. a4 Rc8 12. Nd2 Nd4 13. Qd1 b5 14. axb5 axb5 15. Bd5 b4 16. Na4 Nxd5 17. exd5 f5 18. Nf3 Nxf3+ 19. Qxf3 e4 20. dxe4 Bxa1 21. Bd2 Be5 22. exf5 Rxf5 23. Qd3 Bxa4 24. bxa4 Qf8 25. Re2 Ra8 26. Qb3 Qe8 27. f3 Bxh2+ 28. Kxh2 Qxe2 29. Bc1 Rh5+ 30. Kg3 Qe1+ 31. Kg4 Qxc1 32. Qd3 Qg5# 0-1

[Event "CZE-chT2C 2223"]
[Site "Czech Republic"]
[Date "2023.03.05"]
[Round "10.7"]
[White "Kopecky, Tomas"]
[Black "Stolc, Martin"]
[Result "1-0"]
[WhiteElo "1865"]
[BlackElo "2029"]
[PlyCount "97"]
[EventDate "2022.10.16"]
[EventType "team-tourn"]
[EventRounds "11"]
[EventCountry "CZE"]
[SourceTitle "EXT 2024"]
[Source "ChessBase"]
[SourceDate "2023.10.10"]
[SourceVersion "1"]
[SourceVersionDate "2023.10.10"]
[SourceQuality "1"]
[WhiteTeam "Kutna Hora"]
[BlackTeam "Jicin"]
[WhiteTeamCountry "CZE"]
[BlackTeamCountry "CZE"]

1. e4 d6 2. d4 g6 3. Nf3 Bg7 4. Bc4 Nc6 5. c3 e5 6. dxe5 Nxe5 7. Nxe5 Bxe5 8. f4 Bg7 9. 0-0 Be6 10. Bxe6 fxe6 11. Qb3 Qc8 12. Be3 Nf6 13. Nd2 b6 14. Nf3 h6 15. Rae1 Qd7 16. e5 Ne4 17. exd6 cxd6 18. Bxb6 d5 19. Bd4 Bxd4+ 20. cxd4 0-0 21. Qe3 Rf6 22. Ne5 Qa4 23. a3 Kg7 24. Rc1 Qa5 25. Rc2 Raf8 26. Nd7 R6f7 27. Nxf8 Rxf8 28. Rfc1 Rf7 29. b4 Qd8 30. Rc8 Qd7 31. R8c2 Qd6 32. Rc6 Qd7 33. b5 Qb7 34. a4 Qe7 35. Rb1 h5 36. a5 Qd7 37. Rbc1 Qb7 38. b6 axb6 39. axb6 Kf6 40. Qh3 Re7 41. f5 gxf5 42. Qxh5 Rh7 43. Qe8 Ng5 44. Qd8+ Kg6 45. Qxd5 Qb8 46. Rxe6+ Nxe6 47. Qxe6+ Kg5 48. Qe3+ Kg4 49. Rc7 1-0